01373nam a2200337 a 4500001001000000003000500010005001700015008004100032010001100073011001100084040000900095090001000104100003900114245012200153260004100275500006000316502007500376590003700451590004000488590004000528650002900568650004400597856001600641856007000657901000700727942001000734942000600744999001900750952013100769952013500900000113791CHAP20220329144413.0170925s2017 mx a fsm |||||||spa d a110252 a111224 cCHAP aTesis1 aArroyo Prado, Norma Yareli913344410aEvaluación, uso y manejo de los analizadores de humedad Mb23 y Mb35 /h[En línea]cpor Norma Yareli Arroyo Prado. aChapingo, Méx. :bEl autor,c2017. aPara ver el contenido del material haga clic en la liga aTesis (Ingeniero en Irrigación) --UACH. Departamento de Irrigación aBATCHb00c20181121lUCH01h0758 aE8697GMMb05c20170925lUCH01h1304 aE8697GMMb05c20170925lUCH01h132914aSuelosxHumedad.911039114aSuelosxMétodos analíticos.9133445 a1 n0000579 aFinding aiduhttp://10.13.5.2/tesis/sist113791.pdfzTeclea aquí aBK cTESIS n0 c110252d110252 00104054718TESISaBCbBCd2017-09-25fTESISl0oTesisp113793-10r2019-12-31 00:00:00w2019-12-31yTESISzRecien adquirido 00102local4053708TESISaBCbBCcPA_TESISd2017-09-25fTESISl0oTesisp113793-20r2019-12-31 00:00:00tc.2w2019-12-31yTESIS